000 00537nam a2200133Ia 4500
008 100328s9999 xx 000 0 und d
082 _b60630
100 _aकरंदीकर ज.स.
245 _aश्रीगणेशोत्सवाची साठ वर्षे.
260 _bकेसरी मुद्रणालय.
630 _aश्रीगणेशोत्सवाची साठ वर्षे.
730 _aश्रीगणेशोत्सवाची साठ वर्षे.
942 _cBOOK
999 _c546766
_d546763